| 000 -ლიდერი |
| ფიქსირებული სიგრძის საკონტროლო ველი |
02684nam a22002897a 4500 |
| 003 - საკონტროლო ნომრის იდენტიფიკატორი |
| საკონტროლო ველი |
Ge_BSU |
| 005 - ბოლო ოპერაციის თარიღი და დრო |
| საკონტროლო ველი |
20231128103200.0 |
| 008 - ფიქსირებული სიგრძის მონაცემთა ელემენტები - ზოგადი ინფორმაცია |
| ფიქსირებული სიგრძის საკონტროლო ველი |
231128s2023 ge ||||| |||| 00| 0 geo d |
| 020 ## - წიგნის საერთაშორისო სტანდარტული ნომერი |
| International Standard Book Number |
9789941859113 |
| 041 ## - ენის კოდი |
| Language code of text/sound track or separate title |
geo |
| 080 ## - უნივერსალური ათობითი კლასიფიკაციის ინდექსი |
| Universal Decimal Classification number |
94(479.223) ს-28 |
| 100 ## - მთავარი ჩანაწერი - პიროვნების სახელი |
| Personal name |
სარალიძე, ლელა |
| 9 (RLIN) |
20490 |
| 245 ## - ცნობა სათაურის შესახებ |
| Title |
ბათუმი საქართველოს დემოკრატიული რესპუბლიკის პერიოდში (1918-1921) = Batumi during the period of the Democratic Rebublic of Georgia (1918-1921) : |
| Remainder of title |
[მონოგრაფია] / |
| Statement of responsibility, etc |
ლელა სარალიძე ; რედაქტორები: ლიანა მელიქიშვილი, დოდო ჭუმბურიძე ; გარეკანის დიზაინი დათო მოსიაშვილი ; რეგიონალიზმის კვლევის ინსტიტუტი, ბათუმის შოთა რუსთველის სახელმწ. უნივერსიტეტის ნიკო ბერძენიშვილის ინსტიტუტი. |
| 264 ## - წარმოების, გამოცემის, დისტრიბუციის და სხვა ცნობები |
| გამოცემის, წარმოების, დისტრიბუციის... ადგილი |
თბილისი : |
| გამოცემის, წარმოების, დისტრიბუციის... სახელწოდება |
ფავორიტი, |
| გამოცემის, წარმოების, დისტრიბუციის... თარიღი |
2023. |
| 300 ## - ფიზიკური აღწერა |
| Extent |
488 გვ. : |
| Other physical details |
ფოტ. ; |
| Dimensions |
24 სმ |
| 500 ## - ზოგადი შენიშვნა |
| General note |
ეძღვნება საქართველოს დემოკრატიული რესპუბლიკის 105 წლისთავს და მამის შაქრო სარალიძის ნათელ ხსოვნას. |
| 501 ## - შენიშვნა თანმხლებ მასალაზე |
| With note |
პირთა საძიებელი: გვ. 473-480. |
| 504 ## - BIBLIOGRAPHY, ETC. NOTE |
| Bibliography, etc |
ბიბლიოგრაფია ტექსტის შენიშვნებში და გვ. 442-472. |
| 653 ## - INDEX TERM--UNCONTROLLED |
| Uncontrolled term |
ბათუმი თურქულ ისტორიოგრაფიაში |
| 653 ## - INDEX TERM--UNCONTROLLED |
| Uncontrolled term |
სოც. ეკონ. მდგომარეობა ბათუმში |
| 653 ## - INDEX TERM--UNCONTROLLED |
| Uncontrolled term |
ისტორია |
| 700 ## - ADDED ENTRY--PERSONAL NAME |
| Personal name |
მელიქიშვილი, ლიანა |
| Relator term |
რედაქტორი |
| 9 (RLIN) |
7742 |
| 700 ## - ADDED ENTRY--PERSONAL NAME |
| Personal name |
ჭუმბურიძე, დოდო |
| Relator term |
რედაქტორი |
| 9 (RLIN) |
17394 |
| 700 ## - ADDED ENTRY--PERSONAL NAME |
| Personal name |
მოსიაშვილი, დათო |
| Relator term |
გარეკანის დიზაინერი |
| 9 (RLIN) |
7743 |
| 710 ## - ADDED ENTRY--CORPORATE NAME |
| Corporate name or jurisdiction name as entry element |
რეგიონალიზმის კვლევის ინსტიტუტი. |
| Subordinate unit |
ბათუმის შოთა რუსთველის სახელმწ. უნივერსიტეტი. ნიკო ბერძენიშვილის ინსტიტუტი. |
| 9 (RLIN) |
20491 |
| 942 ## - ADDED ENTRY ELEMENTS (KOHA) |
| Source of classification or shelving scheme |
|
| Koha item type |
წიგნი |